00362nam a22001217a 4500008004100000020003500041050002400076100002100100245003400121250001200155260004000167300003300207250507b |||||||| |||| 00| 0 eng d a007255410X (pbk. : alk. paper) aHB172.5b .F69 2004 aFrank, Robert H. aPrinciples of macro-economics a2nd ed. aBoston b McGraw-Hill/Irwinc 2004. axxxi, 503 p. : ill. ; 28 cm.